<?xml version="1.0" encoding="UTF-8"?>
<record
    xmlns:xsi="http://www.w3.org/2001/XMLSchema-instance"
    xsi:schemaLocation="http://www.loc.gov/MARC21/slim http://www.loc.gov/standards/marcxml/schema/MARC21slim.xsd"
    xmlns="http://www.loc.gov/MARC21/slim">

  <leader>01039nam a2200229 a 4500</leader>
  <controlfield tag="001">BRCA_8138</controlfield>
  <controlfield tag="005">20190320210140.0</controlfield>
  <controlfield tag="008">110414s1965----mx-####f##---#000-0#spa-#</controlfield>
  <datafield tag="041" ind1=" " ind2=" ">
    <subfield code="a">spa</subfield>
  </datafield>
  <datafield tag="044" ind1=" " ind2=" ">
    <subfield code="a">mx</subfield>
  </datafield>
  <datafield tag="050" ind1=" " ind2="4">
    <subfield code="a">HD9574</subfield>
    <subfield code="b">.H11</subfield>
    <subfield code="c">1965</subfield>
  </datafield>
  <datafield tag="245" ind1="1" ind2="0">
    <subfield code="a">Discurso pronunciado por el se&#xF1;or Lic. Antonio Ortiz Mena, Secretario de Hacienda y Cr&#xE9;dito P&#xFA;blico en la ceremonia Conmemorativa del XL Aniversario de la Fundacvi&#xF3;n del Banco de M&#xE9;xico el jueves 9 de septiembre de 1965</subfield>
    <subfield code="c">Banco de M&#xE9;xico.</subfield>
  </datafield>
  <datafield tag="260" ind1=" " ind2=" ">
    <subfield code="a">M&#xE9;xico</subfield>
    <subfield code="b">Direcci&#xF3;n General de Prensa, Memorias, Bibliotecas y Publicaciones</subfield>
    <subfield code="c">1965</subfield>
  </datafield>
  <datafield tag="300" ind1=" " ind2=" ">
    <subfield code="a">14 p.</subfield>
    <subfield code="c">23 cm.</subfield>
  </datafield>
  <datafield tag="500" ind1=" " ind2=" ">
    <subfield code="a">Y220</subfield>
  </datafield>
  <datafield tag="600" ind1="1" ind2="4">
    <subfield code="a">Ortiz Mena, Antonio</subfield>
    <subfield code="c">Secretario de Hacienda y Cr&#xE9;dito P&#xFA;blico</subfield>
    <subfield code="d">1965</subfield>
    <subfield code="9">20273</subfield>
  </datafield>
  <datafield tag="650" ind1="1" ind2="4">
    <subfield code="a">Discursos</subfield>
    <subfield code="v">Memorias y balances</subfield>
    <subfield code="z">M&#xE9;xico</subfield>
    <subfield code="9">20274</subfield>
  </datafield>
  <datafield tag="650" ind1="1" ind2="4">
    <subfield code="a">Aniversarios</subfield>
    <subfield code="v">Ceremonias</subfield>
    <subfield code="z">M&#xE9;xico</subfield>
    <subfield code="9">20275</subfield>
  </datafield>
  <datafield tag="711" ind1="2" ind2=" ">
    <subfield code="a">Ceremonia Conmemorativa del XL Aniversario de la Fundaci&#xF3;n del Banco de M&#xE9;xico</subfield>
    <subfield code="d">Septiembre 9, 1965</subfield>
    <subfield code="c">M&#xE9;xico (Ciudad)</subfield>
    <subfield code="9">20276</subfield>
  </datafield>
  <datafield tag="902" ind1=" " ind2=" ">
    <subfield code="a">GFM</subfield>
  </datafield>
  <datafield tag="942" ind1=" " ind2=" ">
    <subfield code="2">lcc</subfield>
    <subfield code="c">B</subfield>
  </datafield>
  <datafield tag="999" ind1=" " ind2=" ">
    <subfield code="c">7806</subfield>
    <subfield code="d">7806</subfield>
  </datafield>
  <datafield tag="952" ind1=" " ind2=" ">
    <subfield code="0">0</subfield>
    <subfield code="1">0</subfield>
    <subfield code="4">0</subfield>
    <subfield code="7">0</subfield>
    <subfield code="a">BRCA</subfield>
    <subfield code="b">BRCA</subfield>
    <subfield code="d">2014-04-11</subfield>
    <subfield code="i">Y220</subfield>
    <subfield code="l">0</subfield>
    <subfield code="o">HD9574 .H11 1965 (Y220)</subfield>
    <subfield code="p">8762</subfield>
    <subfield code="r">2019-03-22 00:00:00</subfield>
    <subfield code="w">2019-03-22</subfield>
    <subfield code="y">B</subfield>
  </datafield>
</record>
